| 000 | 00352nam a2200145Ia 4500 | ||
|---|---|---|---|
| 008 | 150201s2006 xx 000 0 und d | ||
| 082 |
_a614.1 _bS06R |
||
| 100 | _aRAJTERY,A T | ||
| 245 | _aSURGERY CHURCHILL POCKET BOOKS | ||
| 250 | _a3RD | ||
| 260 |
_bJAYPEE BROTHERS _aDELHI _c2006 |
||
| 300 | _a1-612 | ||
| 650 | _aFORENSIC MEDICINE | ||
| 942 |
_2ddc _cBK |
||
| 999 |
_c504 _d504 |
||